Computer-aided systems in Public Transport
Na minha lista:
| Principais autores: | , , |
|---|---|
| Formato: | Livro |
| Idioma: | inglês |
| Publicado em: |
Berlín
Springer
2008
|
| coleção: | Lecture Notes in Economics and Mathematical Systems, 600
|
| Assuntos: | |
| Tags: |
Adicionar Tag
Sem tags, seja o primeiro a adicionar uma tag!
|
MARC
| LEADER | 00000nam a2200000 a 4500 | ||
|---|---|---|---|
| 001 | UCH7419 | ||
| 003 | CL-VaPUC | ||
| 008 | 091112e20080000GW |||||||||||||||||eng|d | ||
| 020 | |a 9783540733119 | ||
| 082 | 0 | 4 | |a 388.41 |b HIC |2 21 |
| 100 | 0 | |a Hickman, Mark |e author |9 543835 | |
| 700 | 0 | |a Mirchandani, Pitu |e author |9 543836 | |
| 700 | 0 | |a Voss, Stefan |e author |9 543837 | |
| 245 | 1 | 0 | |a Computer-aided systems in Public Transport |
| 300 | |a 432 p | ||
| 942 | |c BK | ||
| 945 | |d 20091112 00:00:00 |a dcastane | ||
| 260 | |a Berlín |b Springer |c 2008 | ||
| 650 | 0 | |a Transporte urbano |9 260307 | |
| 650 | 0 | |a Transporte público |9 348060 | |
| 650 | 0 | |a Transporte vehicular urbano |9 543838 | |
| 650 | 7 | |a SISTEMAS DE TRANSPORTE PUBLICO |2 CL-VaPUC |9 543839 | |
| 583 | |a last modification |c 20091112 00:00:00 |k Rodrigo Vera | ||
| 490 | 0 | |a Lecture Notes in Economics and Mathematical Systems, 600 | |
| 999 | |c 338016 |d 338014 | ||
| 952 | |0 0 |1 0 |4 0 |6 388_410000000000000_HIC_2008 |7 0 |8 A |9 430802 |a BIBING |b BIBING |d 2019-11-22 |i 4617991 |o 388.41 HIC 2008 |p 4617991 |r 2025-01-20 |w 2019-11-22 |y BK |k EII | ||